000 00595nam a2200217 4500
003 OSt
005 20240718050452.0
006 a
008 240718b |||||||| |||| 00| 0 eng d
020 _a9780749456634
040 _aDWCL-Main lib.
_cOC
082 _aCirc. 658.404 Y77s 2010
100 _dYoung, Trevor L.
245 _aSuccessful projects management /
260 _aLondon:
_bKogan Page,
_cc2010.
300 _avii,
_b201 p. :ill.;
_c22cm.
650 _a1. Project Management.
650 _a2. Time Management.
650 _a3. Time Management.
942 _2ddc
_n0
_cBK-CIRC
_kCirc.
999 _c2362
_d2362